• 首页
  • 本馆介绍
  • 公告通知
  • 最新文献
  • 馆藏检索
  • 电子资源
  • 读者导购
  • 参考咨询
  • 我的图书馆
  • 登录
  • 详细信息显示
  • 放入我的书架
  • 预约/预借图书
  • 作者相关作品
  • 分类相关作品
  • 丛书相关作品
  • 出版社相关作品

书目信息

  • 表格格式
  • 工作单格式
  • 卡片格式
题名:
制图与钳工工艺基础
    
 
作者: 石雪年 编
分册:  
出版信息: 北京   电子工业出版社  2000
页数: 198,48页
开本: 26cm
丛书名:
单 册:
中图分类: TH126 , TG9-43
科图分类:
主题词: 机械制图--职业高中--教材 , 钳工--工艺学--职业高中--教材
电子资源:
ISBN: 7-5053-5835-9
000 00991nam0 2200289 450
001 0100050381
005 20020928000000.0
010    @a7-5053-5835-9@dCNY20.00
011    @a7-5053-5835-9
100    @a20001121d2000 em y0chiy0110 ea
101 0  @achi
102    @aCN@b110000
105    @aa zq 000yy
106    @ar
200 1  @a制图与钳工工艺基础@9Zhi Tu Yu Qian Gong Gong Yi Ji Chu @f石雪年等编@b专著
205    @a2版
210    @a北京@c电子工业出版社@d2000
215    @a198,48页@c图@d26cm
300    @a中等职业学校电子信息类教材(实用电子技术专业)
330    @a本书是中等职业学校实用电子类专业的基础课教材。内容包括:机械制图的基础知识,机件的表达方法、零件图、装配图、计算机绘图简介、钳工基本操作技能、钳工操作综合练习。
606 0  @a机械制图@x职业高中@j教材
606 0  @a钳工@x工艺学@x职业高中@j教材
690    @aTH126@v4
690    @aTG9-43@v4
701  0 @a石雪年@9shi xue nian@4编
801  0 @aCN@bAiZhiMarc@c20001127
905    @aBZT@dTH126@e152=2@f15@sTH126/152=2
    
    制图与钳工工艺基础/石雪年等编.-2版.-北京:电子工业出版社,2000
    198,48页:图;26cm
    中等职业学校电子信息类教材(实用电子技术专业)
    
    ISBN 7-5053-5835-9:CNY20.00
    本书是中等职业学校实用电子类专业的基础课教材。内容包括:机械制图的基础知识,机件的表达方法、零件图、装配图、计算机绘图简介、钳工基本操作技能、钳工操作综合练习。
●
相关链接 在五车中查询图书 在当当中查询图书 在豆瓣中查询图书


正题名:制图与钳工工艺基础     索取号:TH126/152=2         预约/预借

序号 登录号 条形码 馆藏地/架位号 状态 备注
1 2000016888   2000016888   旧书回溯/ [索取号:TH126/152=2] 在馆    
2 2000018562   2000018562   旧书回溯/ [索取号:TH126/152=2] 在馆    
3 2000018563   2000018563   旧书回溯/ [索取号:TH126/152=2] 在馆    
4 2000018564   2000018564   旧书回溯/ [索取号:TH126/152=2] 在馆    
5 2000018565   2000018565   旧书回溯/ [索取号:TH126/152=2] 在馆    
6 2000018566   2000018566   旧书回溯/ [索取号:TH126/152=2] 在馆    
7 2000018567   2000018567   旧书回溯/ [索取号:TH126/152=2] 在馆    
8 2000018568   2000018568   旧书回溯/ [索取号:TH126/152=2] 在馆    
9 2000018569   2000018569   旧书回溯/ [索取号:TH126/152=2] 在馆    
10 2000052052   2000052052   旧书回溯/ [索取号:TH126/152=2] 在馆    
11 2000052053   2000052053   旧书回溯/ [索取号:TH126/152=2] 在馆    
12 2000052054   2000052054   旧书回溯/ [索取号:TH126/152=2] 在馆    
13 2000060560   2000060560   旧书回溯/ [索取号:TH126/152=2] 在馆    
14 2000066929   2000066929   旧书回溯/ [索取号:TH126/152=2] 在馆    
15 2000066930   2000066930   旧书回溯/ [索取号:TH126/152=2] 在馆    
山东省滨州职业学院图书馆 欢迎您!
大连网信软件有限公司© 版权所有